00644nam a2200205 a 4500008004100000020002200041100002500063245010700088260004000195300001200235300004300247500002000290504004100310650001600351700002200367700002200389003000100411005001700412040000900429  a007302743X (hbk.)1 aGomez-Mejia, Luis R.10aManagement :bpeople, performance, change /cLuis R. Gomez-Mejia, David B. Balkin and Robert L. Cardy. aBoston :bMcGraw-Hill Irwin,c2008. a3rd ed. axxxviii, 773 p. :bcol. ill. ;c28 cm. aIncludes index. aIncludes bibliographical references. 1aManagement. aBalkin, B. David. aCardy, L. Robert.20230123125212.0 cNUST